[Event "CAN-ch U20 U1800"]
[Site "Toronto"]
[Date "2018.08.10"]
[Round "5.27"]
[White "Xiao, Edward1111"]
[Black "Cao, Bruce"]
[Result "1/2-1/2"]
[WhiteElo "1488"]
[BlackElo "1582"]
[PlyCount "110"]
[EventDate "2018.08.08"]
[EventType "swiss"]
[EventRounds "9"]
[EventCountry "CAN"]
[SourceTitle "EXT 2022"]
[Source "ChessBase"]
[SourceDate "2021.10.06"]
[SourceVersion "1"]
[SourceVersionDate "2021.10.06"]
[SourceQuality "1"]

1. d4 Nf6 2. c4 g6 3. Nc3 Bg7 4. e4 d6 5. Be2 0-0 6. Bg5 c5 7. d5 a6 8. Qd2 Qc7 9. h4 h5 10. f3 e6 11. g4 exd5 12. Bxf6 Bxf6 13. Nxd5 Qd8 14. Nxf6+ Qxf6 15. gxh5 gxh5 16. Qg5+ Qg6 17. 0-0-0 Qxg5+ 18. hxg5 Rd8 19. e5 Nc6 20. Rxd6 Rxd6 21. exd6 Bf5 22. Rxh5 Nd4 23. Bd1 Rd8 24. f4 Rxd6 25. Ne2 Bg4 26. Rh2 Nxe2+ 27. Bxe2 Bxe2 28. Rxe2 Rd4 29. b3 Rxf4 30. Re3 b5 31. cxb5 axb5 32. Re5 b4 33. Rxc5 Rf1+ 34. Kc2 Rf2+ 35. Kd3 Rxa2 36. Kc4 Rc2+ 37. Kxb4 Rb2 38. Ka4 Kf8 39. b4 Ke8 40. b5 Ra2+ 41. Kb4 Kd7 42. Rf5 Ke6 43. Rf6+ Ke7 44. Kc5 Rg2 45. Kc6 Rxg5 46. Rf2 f5 47. Kc7 Ke6 48. b6 Ke5 49. b7 Rg7+ 50. Kc6 Rxb7 51. Kxb7 Ke4 52. Kc6 f4 53. Re2+ Kd3 54. Re5 f3 55. Kd5 f2 1/2-1/2